| 000 | 00839cam a2200193 4500 | ||
|---|---|---|---|
| 001 | WS118031 | ||
| 008 | 020517n 000 0 eng u | ||
| 035 | _a(Sirsi) u118031 | ||
| 110 |
_aDefence Estates _93814 |
||
| 245 | _aDefence Estates | ||
| 520 | _aWeb site for one of the largest landowners in the country which occupies an estate equivalent to about 1% of the UK landmass. Includes details of their prime contracting documents and downloadable documents on design and maintenance, historic buildings, safety and specifications. | ||
| 650 | _aGOVERNMENT | ||
| 650 | _aPRIME CONTRACTING | ||
| 650 | _aHISTORIC BUILDINGS | ||
| 650 | _aMINISTRY OF DEFENCE | ||
| 690 | _aPROPERTY-COMMERCIAL PROPERTY | ||
| 856 | 4 | 0 |
_uhttps://www.defence-estates.mod.uk _zView the website free of charge at www.defence-estates.mod.uk... |
| 942 | _n0 | ||
| 999 |
_c120048 _d120048 |
||